Tales and sketches by Miss Sedgwick.

Bibliographic Details
Main Author: Sedgwick, Catharine Maria, 1789-1867
Format: Book
Language:English
Published: Phildelphia [sic] : Carey, Lea, and Blanchard, 1835.

MARC

Tag First Indicator Second Indicator Subfields
LEADER 00000cam a2200000 4500
001 in00000665484
005 20151015083104.0
008 800924r1835 miu a 00011 eng d
035 |a (OCoLC)06746699 
035 |9 ACY0008AM 
040 |a EEU  |c TXA  |d UtOrBLW 
049 |a TXAI 
090 |a PZ3.24482  |b T  |a PS2798.T305 
099 |a film  |a B  |a 1512  |a reel  |a 285.5 
100 1 |a Sedgwick, Catharine Maria,  |d 1789-1867. 
245 1 0 |a Tales and sketches by Miss Sedgwick. 
264 1 |a Phildelphia [sic] :  |b Carey, Lea, and Blanchard,  |c 1835. 
300 |a 3 pages ., [9]-285 pages ;  |c 19 x 11 cm. 
336 |a text  |b txt  |2 rdacontent 
337 |a microform  |b h  |2 rdamedia 
338 |a microfilm reel  |b hd  |2 rdacarrier 
500 |a Microfilm. Ann Arbor, Mich. University Microfilms (n.d.) (American Culture Series, Reel 285.5) 
505 0 |a A reminiscence of federalism.--The Catholic Iroquois.--The country cousin.--Old malds.--The chivalric sailor.--Mary Dyre.--Cacoethes scribendi.--The eldest sister.--St. Catharine's eve.--Romance in real life.--The canary family. 
500 |a Microform. 
999 |a MARS 
999 f f |s c3a665f2-1053-317d-a920-707f852cb942  |i 0f9a509c-fd67-3bc1-ab51-44ba28bbda31  |t 0 
952 f f |p default  |a Texas A&M University  |b College Station  |c Sterling C. Evans Library  |d Evans: Microforms (3rd floor)  |t 0  |e film B 1512 reel 285.5  |h Other scheme  |i microform -- microfilm reel 
998 f f |a film B 1512 reel 285.5  |t 0  |l Evans: Microforms (3rd floor)